Statistics for Countries That Produce the Most Tomatoes

Click here to take the quiz!

General Stats

  • This quiz has been taken 60 times
  • The average score is 15 of 20

Answer Stats

TonnesCountry% Correct
10,910,990United States
100%
6,015,868Italy
98%
4,230,150Brazil
96%
59,514,773China
96%
20,708,000India
96%
5,163,466Spain
95%
4,243,058Mexico
93%
3,230,718Russia
89%
12,750,000Turkey
81%
16,601,098
Pakistan
77%
7,297,108Egypt
75%
1,293,761Morocco
74%
6,177,290Iran
70%
1,747,634Portugal
70%
2,267,460Ukraine
70%
10,286,286Algeria
61%
4,100,000Nigeria
44%
1,298,000Tunisia
42%
2,455,125Uzbekistan
21%
1,279,853Cameroon
18%

Score Distribution

Percentile by Number Answered

Percent of People with Each Score

Your Score History

You have not taken this quiz